• 首页
  • 本馆介绍
  • 公告通知
  • 最新文献
  • 馆藏检索
  • 电子资源
  • 读者导购
  • 参考咨询
  • 我的图书馆
  • 登录
  • 详细信息显示
  • 放入我的书架
  • 预约/预借图书
  • 作者相关作品
  • 分类相关作品
  • 丛书相关作品
  • 出版社相关作品

书目信息

  • 表格格式
  • 工作单格式
  • 卡片格式
题名:
跑酷健身
    
 
作者: 维特菲尔德 , 盖尔林 , 帕赫 著 ;嘉宁 译
分册:  
出版信息: 北京   北京科学技术出版社  2017.07
页数: 239页
开本: 24cm
丛书名:
单 册:
中图分类: G822.5
科图分类:
主题词: 障碍跑--基本知识
电子资源:
ISBN: 978-7-5304-8992-5
000 01249nam0 2200313 450
001 0120172204924
005 20180906145337.50
010    @a978-7-5304-8992-5@dCNY98.00
100    @a20170629d2017 em y0chiy50 ea
101 1  @achi@cger
102    @aCN@b110000
105    @aak z 000yy
106    @ar
200 1  @a跑酷健身@9pao ku jian shen@dParkour & Freerunning@f(德)扬·维特菲尔德,(德)伊洛娜·E.盖尔琳,(德)亚历山大·帕赫著@g嘉宁译@zeng
205    @a2版
210    @a北京@c北京科学技术出版社@d2017.07
215    @a239页@c图@d24cm
305    @a据原书第2版译出
330    @a本书的三位作者都是在跑酷领域备受景仰的前辈,他们将自己在长久的跑酷健身中悟得的经验浓缩在本书中,力图把科学的理论知识、系统的训练计划、安全的健身指导传递给每一个跑酷爱好者,帮助他们稳步进阶,在保证安全的前提下科学高效地变身为跑酷达人。
333    @a跑酷爱好者
510 1  @aParkour & Freerunning@zeng
606 0  @a障碍跑@x基本知识
690    @aG822.5@v5
701  0 @c(德)@a维特菲尔德@9wei te fei er de@c(Witfeld, Jan)@4著
701  0 @c(德)@a盖尔林@9gai er lin@c(Gerling, Llona E.)@4著
701  0 @c(德)@a帕赫@9pa he@c(Pach, Alexander)@4著
702  0 @a嘉宁@9jia ning@4译
801  0 @aCN@b人天书店@c20170629
905    @b1087822-26@dG822.5@e146=2@f5
    
    跑酷健身=Parkour & Freerunning/(德)扬·维特菲尔德,(德)伊洛娜·E.盖尔琳,(德)亚历山大·帕赫著/嘉宁译.-2版.-北京:北京科学技术出版社,2017.07
    239页:图;24cm
    使用对象:跑酷爱好者
    
    ISBN 978-7-5304-8992-5:CNY98.00
    本书的三位作者都是在跑酷领域备受景仰的前辈,他们将自己在长久的跑酷健身中悟得的经验浓缩在本书中,力图把科学的理论知识、系统的训练计划、安全的健身指导传递给每一个跑酷爱好者,帮助他们稳步进阶,在保证安全的前提下科学高效地变身为跑酷达人。
●
相关链接 在E读中查询图书 在五车中查询图书 在当当中查询图书 在豆瓣中查询图书


正题名:跑酷健身     索取号:G822.5/146=2         预约/预借

序号 登录号 条形码 馆藏地/架位号 状态 备注
1 1087822   210878228   第一样本阅览室/ [索取号:G822.5/146=2] 在馆    
2 1087823   210878237   教育系资料室/ [索取号:G822.5/146=2] 在馆    
3 1087824   210878246   教育系资料室/ [索取号:G822.5/146=2] 在馆    
4 1087825   210878255   密集书库-体育系/ [索取号:G822.5/146=2] 在馆    
5 1087826   210878264   第四借阅区/ [索取号:G822.5/146=2] 在馆    
唐山师范学院图书馆 欢迎您!
大连网信软件有限公司© 版权所有